000
00186 a2200097 4500
020
_a
9780553378764
041
_a
eng
100
_a
Callanan maggie
245
_a
Final gifts
942
_c
BK
999
_c
10950
_d
10950